00503nam a2200217Ia 450000500170000000800460001702000180006303700100008104000080009104000080009904000080010704100080011504100080012308400080013110000110013924500340015026000310018426000090021565000160022485600450024020260306154653.0008 260114s9999 xx 000 0 eng d a9780511614293 aEBOOK aCRL beng cCRL 2eng aeng qCRL aZabell 0aSymmetry and its Discontents  bCambridge University Press c2012 a Philosophy uhttps://doi.org/10.1017/CBO9780511614293